| 000 | 01462cam a22003375i 4500 | ||
|---|---|---|---|
| 999 |
_c3382 _d3382 |
||
| 003 | EG-ScBUE | ||
| 005 | 20200119120027.0 | ||
| 008 | 190724r20061969enk f 001 0 eng d | ||
| 020 | _a0521035031 | ||
| 020 | _a9780521035033 | ||
| 040 |
_aEG-ScBUE _beng _erda _cEG-ScBUE _dEG-ScBUE |
||
| 082 | 0 | 4 |
_a801.95 _bSTE _222 |
| 100 | 1 |
_aStein, Walter, _d1924- _eauthor. |
|
| 245 | 1 | 0 |
_aCriticism as dialogue / _cWalter Stein. |
| 264 | 1 |
_aCambridge : _bCambridge University Press, _c2006. |
|
| 300 |
_ax, 252 pages ; _c21 cm |
||
| 336 |
_atext _btxt _2rdacontent |
||
| 337 |
_aunmediated _bn _2rdamedia |
||
| 338 |
_avolume _bnc _2rdacarrier |
||
| 500 | _aIncludes index. | ||
| 500 | _aFirst published by 1969. | ||
| 520 | _aWalter Stein is a 'radical Christian humanist' - a term which he defines in his opening chapter. This book discusses the 'radical Christian humanist' approach to literature. His aim is to test this standpoint in 'dialogue' with liberal humanist or Marxist approaches to literature and in relation to the great issues which literature embodies. | ||
| 650 | 7 |
_aCriticism. _2BUEsh _95477 |
|
| 650 | 7 |
_aReligion and literature. _2BUEsh |
|
| 650 | 7 |
_aTragic, The. _2BUEsh |
|
| 651 | _2BUEsh | ||
| 653 |
_bHHUUEENN _cJuly2019 |
||
| 856 | 4 | 2 |
_3Publisher description _uhttp://www.loc.gov/catdir/enhancements/fy0702/69012929-d.html |
| 856 | 4 | 2 |
_3Table of contents only _uhttp://www.loc.gov/catdir/enhancements/fy0702/69012929-t.html |
| 942 |
_cBB _2ddc |
||